| 000 | 00000nam##2200000za#4500 |
| 001 | 9.571795 |
| 003 | CaOODSP |
| 005 | 20210624182913 |
| 007 | cr ||||||||||| |
| 008 | 150406|2000||||xxc|||||o f|0| 0 eng|d |
| 040 | |aCaOODSP|beng |
| 043 | |an-cn--- |
| 086 | 1 |aNH18-24/21E-PDF |
| 110 | 2 |aCanada Mortgage and Housing Corporation. |
| 245 | 10|aLog homes - frequently asked questions |h[electronic resource] |
| 260 | |aOttawa - Ontario : |bCanada Mortgage and Housing Corporation |cc2000. |
| 300 | |a4p. |
| 490 | 1 |aAbout your house |vCE21 |
| 590 | |a11-23-Supp|b2011-10-17 |
| 775 | 08|tFoire aux questions - maisons en rondins |w(CaOODSP)9.602218 |
| 776 | 0#|tLog homes - frequently asked questions |w(CaOODSP)9.615712 |
| 830 | #0|aAbout your house ;|vCE21|w(CaOODSP)9.505388 |
| 856 | 40|ahttp://publications.gc.ca|qPDF|s97 KB|uhttps://publications.gc.ca/collections/Collection/NH18-24-21E.pdf|yCE21 |